All Australian States, Territories & Major Islands Territories - Statistics

General Stats
  • This quiz has been taken 64 times
  • The average score is 10 of 15
Answer Stats
Hint Answer % Correct
The Sunshine State Queensland
98%
The Largest State in Australia Western Australia
98%
Was once home to the Thylacine Tasmania
93%
The Education State Victoria
93%
Where Cooper Pedy Opal mines are South Australia
91%
The Capital City is here Australian Capital Territory
82%
Where the landing of the first fleet took place New South Wales
82%
Home to Uluru Northern Territory
82%
Gets overran by migrating crabs Christmas Island
73%
Australia's Tropical Islands Cocos (Keeling) Islands
67%
Home to the tallest species of pine tree Norfolk Island
64%
An island with no introduced species Heard Island and McDonald Islands
40%
An uninhabited Territory in the Timor Sea Ashmore and Cartier Islands
38%
Has a capped tourist limit of 400 Lord Howe Island
16%
A Tasmanian State Reserve Macquarie Island
4%
No matching quizzes found
Score Distribution
Percent of People with Each Score
Percentile by Number Answered
Your Score History
You have not taken this quiz